| 000 | 00000nam##2200000za#4500 |
| 001 | 9.615581 |
| 003 | CaOODSP |
| 005 | 20210615101200 |
| 007 | ta |
| 008 | 150406|2001||||xxc||||| f|0| 0 eng|d |
| 022 | |a0706-6457 |
| 040 | |aCaOODSP|beng |
| 043 | |an-cn--- |
| 086 | 1 |aFs97-6/2349E |
| 110 | 1 |aCanada. |bDepartment of Fisheries and Oceans. |
| 245 | 10|aPhytoplankton monitoring in the Western Isles Region of the Bay of Fundy during 1997-98 / |cby J. L. Martin, M. M. LeGresley and P. M. Strain. |
| 260 | |aOttawa - Ontario : |bFisheries and Oceans Canada |c2001. |
| 300 | |aiv, 85p. : |bfigs., graphs, references, tables ; |c28 cm. |
| 490 | 1 |aCanadian technical report of fisheries and aquatic sciences|x0706-6457|v2349 |
| 500 | |a"A phytoplankton monitoring program was initiated in the Western Isles region of the Bay of Fundy in 1987... Results from the earlier years on the monitoring program have been published previously (Wildish et al. 1988, 1990; Martin et al. 1995, 1999). This report presents results from analyses of phytoplankton, plant nutrients, temperature and salinity during the 2 yrs, 1997 and 1998."--Introduction. Prepared at the Department of Fisheries and Oceans, Biological Station, 531 Brandy Cove Road, St. Andrews, NB E5B 2L9. |
| 520 | 3 |aA phytoplankton monitoring program was initiated in the Western Isles region of the Bay of Fundy in 1987... Results from the earlier years on the monitoring program have been published previously (Wildish et al. 1988, 1990; Martin et al. 1995, 1999). This report presents results from analyses of phytoplankton, plant nutrients, temperature and salinity during the 2 yrs, 1997 and 1998.--Introduction |
| 546 | |aRésumé en français |
| 563 | |aSoftcover |
| 590 | |a01-15|b2001-04-12 |
| 690 | 07|aSalt water fish|2gcpds |
| 690 | 07|aToxic substances|2gcpds |
| 720 | 1 |aMartin, J. L. |
| 720 | 1 |aLeGresley, M. M. |
| 720 | 1 |aStrain, P. M. |
| 776 | 0#|tPhytoplankton monitoring in the Western Isles region of the Bay of Fundy during 1997-98 / |w(CaOODSP)9.574040 |
| 830 | #0|aCanadian technical report of fisheries and aquatic sciences,|x0706-6457|v2349|w(CaOODSP)9.514691 |